| 000 | 00806nam a2200205 i 4500 | ||
|---|---|---|---|
| 001 | 8864 | ||
| 003 | ES-MaACL | ||
| 005 | 20230906145541.0 | ||
| 008 | 131114s1993 sp ||||1| spa d | ||
| 020 | _a84-7788-979-1 | ||
| 080 | _a324(460.28)(091) | ||
| 100 | 1 |
_aGonzález Calleja, Eduardo. _958482 |
|
| 245 | 1 | 0 |
_aElecciones y parlamentarios _b: dos siglos de historia en Castilla-La Mancha / _cEduardo González Calleja, Javier Moreno Luzón. |
| 260 |
_a[Toledo] : _bServicio de Publicaciones, Junta de Comunidades de Castilla-La Mancha, _c[1993] |
||
| 300 |
_a322 p. : _bil. col., gráf., mapas ; _c30 cm + _e1 mapa. |
||
| 504 | _aBibliografía: p. 313-322. | ||
| 650 | 4 |
_aElecciones- _zCastilla-La Mancha- _vHistoria. _9153827 |
|
| 700 | 0 |
_aMoreno Luzón, Javier. _983397 |
|
| 852 |
_aES-MaACL _jC-35676 |
||
| 999 |
_c8864 _d8864 |
||